00429 a2200157 4500001000700000020000600007040001100013100002000024240003700044245003200081362000900113697002100122942000700143952010200150999001900252158964 a  cMagnum aGarcia, Eduardo10aHistoria da civilizacao v.1lpor10aHistoria da civilizacao v.10 a1899 aMAGNITO: COLECAO cBK 00104070a32.5b32.5d2024-06-08l0oCO.00344pMAG00000964r2024-06-08 20:31:20w2024-06-08yBK c158964d158964